000 00537nam a2200181 4500
999 _c164330
_d164330
005 20190516123057.0
010 _aENG-125194
020 _a9788186098134
_c800.00
035 _aEN-108726
037 _bDBAD/PUB
082 _a881
100 _aVijay Vishal
245 _aCreation and evaluation/
_cby Vijay Vishal
260 _aJaipur
_bPopular Book Depot
_c2014
270 _aDhamani Street, Chaura Rasta
_bJaipur
_k9829089555
_mpbdjpr@rediffmail.com
300 _axiv,384p.
_c22cm(Hb)
942 _2ddc
_cEN
_h881
_mVIJ